[Event "BCF-chT1a 1516 (4NCL)"]
[Site "England"]
[Date "2016.03.19"]
[Round "7.148"]
[White "Matta, Francesca"]
[Black "Craft, Isaac"]
[Result "1/2-1/2"]
[WhiteElo "2020"]
[BlackElo "2037"]
[PlyCount "130"]
[EventDate "2015.11.14"]
[EventType "team-tourn"]
[EventRounds "7"]
[EventCountry "ENG"]
[SourceTitle "CBM 171 Extra"]
[Source "ChessBase"]
[SourceDate "2016.04.26"]
[SourceVersion "1"]
[SourceVersionDate "2016.04.26"]
[SourceQuality "1"]
[WhiteTeam "Oxford"]
[BlackTeam "Wood Green"]
[WhiteTeamCountry "ENG"]
[BlackTeamCountry "ENG"]

1. d4 Nf6 2. c4 e6 3. Nc3 Bb4 4. g3 0-0 5. Bg2 d5 6. cxd5 exd5 7. Bg5 c6 8. Nf3 Qa5 9. Bd2 Ne4 10. Nxe4 dxe4 11. Ne5 Bxd2+ 12. Qxd2 Qxd2+ 13. Kxd2 f5 14. Rhd1 Nd7 15. Nxd7 Bxd7 16. Ke1 Be6 17. e3 Bd5 18. Rd2 g5 19. b3 f4 20. Rc1 Rae8 21. Rc3 Re6 22. b4 Rh6 23. h3 fxg3 24. fxg3 Rhf6 25. Rcc2 Kf7 26. Rf2 Ke7 27. a3 Kd6 28. Rxf6+ Rxf6 29. Rf2 Rxf2 30. Kxf2 b6 31. Ke1 c5 32. dxc5+ bxc5 33. Kd2 cxb4 34. axb4 Bc6 35. Kc3 Kd5 36. Bf1 Bd7 37. h4 gxh4 38. gxh4 h6 39. Ba6 Bc6 40. Bc4+ Ke5 41. Be2 Kd5 42. b5 Bb7 43. Kb4 Bc8 44. Bc4+ Kd6 45. Bf7 Bb7 46. Kc4 a6 47. bxa6 Bxa6+ 48. Kd4 Bd3 49. Bd5 Bc2 50. Bxe4 Bd1 51. Bf5 Bf3 52. Bg6 Bg2 53. Be4 Bh3 54. Bd5 Bf5 55. h5 Bg4 56. Bf7 Bf3 57. e4 Bxe4 58. Kxe4 Ke7 59. Bc4 Kf6 60. Kf4 Kg7 61. Kf5 Kh8 62. Kf6 Kh7 63. Bd3+ Kg8 64. Kg6 Kh8 65. Kxh6 Kg8 1/2-1/2

[Event "High Wycombe op"]
[Site "High Wycombe"]
[Date "2013.10.13"]
[Round "4"]
[White "Craft, Isaac"]
[Black "Prior, Stephen"]
[Result "0-1"]
[WhiteElo "2032"]
[BlackElo "1990"]
[PlyCount "78"]
[EventDate "2013.10.11"]
[EventType "swiss"]
[EventRounds "9"]
[EventCountry "ENG"]
[SourceTitle "CBM 157 Extra"]
[Source "ChessBase"]
[SourceDate "2013.12.19"]
[SourceVersion "1"]
[SourceVersionDate "2013.12.19"]
[SourceQuality "1"]

1. d4 g6 2. c4 Bg7 3. Nc3 d6 4. e4 e5 5. Be3 Nc6 6. d5 Nce7 7. Bd3 f5 8. f3 Nf6 9. h3 0-0 10. g4 fxe4 11. Nxe4 c6 12. Qd2 cxd5 13. cxd5 Kh8 14. Nxf6 Bxf6 15. Be4 Bh4+ 16. Kf1 b6 17. Kg2 Ba6 18. Ne2 Rc8 19. Nc3 Qd7 20. Bf2 Bxf2 21. Kxf2 Rf4 22. Kg3 Rcf8 23. Ne2 Bxe2 24. Qxe2 Qd8 25. h4 h5 26. Rac1 Qd7 27. Rc3 hxg4 28. fxg4 Rf2 29. Qd1 R8f4 30. Bf3 Rxb2 31. h5 g5 32. Qc1 Rbb4 33. Rc7 Rxf3+ 34. Kxf3 Qxg4+ 35. Kf2 Rf4+ 36. Ke1 Qg3+ 37. Kd1 Qg2 38. Rc8+ Kg7 39. h6+ Kf7 0-1

[Event "High Wycombe op"]
[Site "High Wycombe"]
[Date "2013.10.13"]
[Round "5"]
[White "Miranda Gonzalez, Nicole"]
[Black "Craft, Isaac"]
[Result "1/2-1/2"]
[WhiteElo "1979"]
[BlackElo "2032"]
[PlyCount "67"]
[EventDate "2013.10.11"]
[EventType "swiss"]
[EventRounds "9"]
[EventCountry "ENG"]
[SourceTitle "CBM 157 Extra"]
[Source "ChessBase"]
[SourceDate "2013.12.19"]
[SourceVersion "1"]
[SourceVersionDate "2013.12.19"]
[SourceQuality "1"]

1. c4 e6 2. Nc3 Nf6 3. e4 c5 4. g3 Nc6 5. Bg2 Be7 6. f4 d6 7. Nge2 Nd4 8. 0-0 0-0 9. h3 Rb8 10. d3 a6 11. Be3 Nxe2+ 12. Qxe2 b5 13. Rad1 b4 14. Nb1 d5 15. e5 Ne8 16. d4 cxd4 17. Bxd4 Qa5 18. cxd5 exd5 19. f5 Nc7 20. f6 Bc5 21. Qd2 Bxd4+ 22. Qxd4 Qb6 23. Kh2 Qxd4 24. Rxd4 Be6 25. Nd2 a5 26. Nf3 Nb5 27. Rd2 Rbc8 28. fxg7 Kxg7 29. Ng5 h6 30. Nf3 Rc5 31. b3 Rfc8 32. Rff2 Nc3 33. Nd4 Ne4 34. Nxe6+ 1/2-1/2

[Event "London op Congress August"]
[Site "London"]
[Date "2013.08.24"]
[Round "2"]
[White "Sucikova, Svetlana"]
[Black "Craft, Isaac"]
[Result "0-1"]
[WhiteElo "1962"]
[BlackElo "2010"]
[PlyCount "80"]
[EventDate "2013.08.24"]
[EventType "swiss"]
[EventRounds "6"]
[EventCountry "ENG"]
[SourceTitle "EXT 2023"]
[Source "ChessBase"]
[SourceDate "2022.10.05"]
[SourceVersion "1"]
[SourceVersionDate "2022.10.05"]
[SourceQuality "1"]

1. c4 Nf6 2. Nc3 e6 3. d4 c5 4. Nf3 cxd4 5. Nxd4 d6 6. Bg5 a6 7. e3 Be7 8. Be2 0-0 9. 0-0 Nbd7 10. Qc2 Qc7 11. Rfd1 Ne5 12. b3 b6 13. Ne4 Nxe4 14. Bxe7 Qxe7 15. Qxe4 Bb7 16. Qf4 Rad8 17. Nf3 Ng6 18. Qd4 Qc7 19. Qb2 e5 20. Rd2 f5 21. Ne1 f4 22. exf4 Nxf4 23. Bf1 Rf6 24. g3 Qc6 25. f3 Ne6 26. Bg2 Qc5+ 27. Kh1 Ng5 28. f4 Ne4 29. Bxe4 Bxe4+ 30. Ng2 exf4 31. Rd4 Bxg2+ 32. Kxg2 f3+ 33. Kf2 Re8 34. Re1 Rxe1 35. Kxe1 f2+ 36. Kf1 Qh5 37. h4 Qf3 38. Rf4 Rxf4 39. gxf4 Qh1+ 40. Kxf2 Qh2+ 0-1

[Event "Sunningdale e2e4 op 07"]
[Site "Ascot"]
[Date "2013.07.07"]
[Round "5"]
[White "Stewart, Ashley"]
[Black "Craft, Isaac"]
[Result "1/2-1/2"]
[WhiteElo "2053"]
[BlackElo "2009"]
[PlyCount "48"]
[EventDate "2013.07.05"]
[EventType "swiss"]
[EventRounds "5"]
[EventCountry "ENG"]
[SourceTitle "CBM 155 Extra"]
[Source "ChessBase"]
[SourceDate "2013.08.26"]
[SourceVersion "1"]
[SourceVersionDate "2013.08.26"]
[SourceQuality "1"]

1. g3 d5 2. Nf3 c6 3. Bg2 e6 4. 0-0 f5 5. d4 Nf6 6. c4 Bd6 7. b3 Qc7 8. Bb2 0-0 9. Qc1 b6 10. Ba3 Bxa3 11. Nxa3 Bb7 12. Nc2 Nbd7 13. Nce1 e5 14. dxe5 Nxe5 15. cxd5 Nxd5 16. Qb2 Rae8 17. Nxe5 Qxe5 18. Qxe5 Rxe5 19. e3 Nc3 20. Nf3 Re7 21. Rfe1 c5 22. Nd2 Bxg2 23. Kxg2 Rd8 24. Nf3 Red7 1/2-1/2

[Event "Brighton op"]
[Site "Brighton"]
[Date "2012.11.10"]
[Round "2"]
[White "Craft, Isaac"]
[Black "Payne, Matthew"]
[Result "1-0"]
[WhiteElo "2005"]
[BlackElo "1952"]
[PlyCount "59"]
[EventDate "2012.11.09"]
[EventType "swiss"]
[EventRounds "5"]
[EventCountry "ENG"]
[SourceTitle "CBM 151 Extra"]
[Source "ChessBase"]
[SourceDate "2012.12.18"]
[SourceVersion "1"]
[SourceVersionDate "2012.12.18"]
[SourceQuality "1"]

1. Nf3 Nf6 2. b3 d6 3. d4 g6 4. e3 Bg7 5. Bb2 0-0 6. Bd3 Nc6 7. 0-0 Qe8 8. e4 e5 9. dxe5 Ng4 10. Nc3 Ncxe5 11. h3 Nxf3+ 12. Qxf3 Ne5 13. Qe3 f5 14. f4 Nc6 15. Na4 Be6 16. Bxg7 Kxg7 17. Rae1 Qf7 18. Nc3 Rae8 19. Nb5 a6 20. Nd4 Qf6 21. Nxc6 bxc6 22. e5 Qe7 23. Bxa6 Ra8 24. Bb7 Rxa2 25. exd6 cxd6 26. Bxc6 Kf7 27. Bd5 Re8 28. Qxe6+ Qxe6 29. Rxe6 Rxe6 30. Re1 1-0

[Event "Hinckley e2e4 op"]
[Site "Hinckley Island"]
[Date "2012.08.27"]
[Round "6"]
[White "Wang, Maria"]
[Black "Craft, Isaac"]
[Result "0-1"]
[WhiteElo "1775"]
[BlackElo "1993"]
[PlyCount "114"]
[EventDate "2012.08.24"]
[EventType "swiss"]
[EventRounds "7"]
[EventCountry "ENG"]
[SourceTitle "CBM 150 Extra"]
[Source "ChessBase"]
[SourceDate "2012.10.19"]
[SourceVersion "1"]
[SourceVersionDate "2012.10.19"]
[SourceQuality "1"]

1. e4 e5 2. Nf3 Nf6 3. Nxe5 d6 4. Nf3 Nxe4 5. Nc3 Nxc3 6. dxc3 Be7 7. Be3 0-0 8. Bc4 Nd7 9. Qd2 Ne5 10. Bb3 Bg4 11. Nxe5 dxe5 12. Qd3 Qd7 13. f3 Bf5 14. Qxd7 Bxd7 15. 0-0-0 Bc6 16. Bd5 Bxd5 17. Rxd5 Bf6 18. Rd7 Rac8 19. Bxa7 b6 20. c4 Rfd8 21. Rxc7 Rxc7 22. Bxb6 Rxc4 23. Bxd8 Bxd8 24. Rd1 Rd4 25. c3 Rxd1+ 26. Kxd1 Kf8 27. Kd2 Ke7 28. b4 Kd6 29. c4 Kc6 30. Kd3 f5 31. h3 Bg5 32. a4 Bc1 33. Kc3 Ba3 34. Kb3 e4 35. fxe4 fxe4 36. Kc3 e3 37. Kd3 Bxb4 38. Kxe3 Kc5 39. Kd3 Ba5 40. h4 h6 41. Ke4 Kxc4 42. Kf5 Bc3 43. g4 Kb4 44. g5 hxg5 45. Kxg5 Bd2+ 46. Kg6 Bh6 47. Kh7 Kxa4 48. Kg6 Kb5 49. Kh5 Kc5 50. Kg6 Kd4 51. Kf5 Ke3 52. Kg4 Kf2 53. h5 Kg2 54. Kh4 Kf3 55. Kh3 Kf4 56. Kh4 Kf5 57. Kg3 Kg5 0-1

[Event "Brighton e2e4 Challengers-B"]
[Site "Brighton"]
[Date "2012.02.18"]
[Round "7"]
[White "Craft, Isaac"]
[Black "Tarhon, Brian"]
[Result "1-0"]
[WhiteElo "1969"]
[BlackElo "1828"]
[PlyCount "51"]
[EventDate "2012.02.15"]
[EventType "tourn"]
[EventRounds "9"]
[EventCountry "ENG"]
[SourceTitle "EXT 2014"]
[Source "ChessBase"]
[SourceDate "2013.11.20"]
[SourceVersion "1"]
[SourceVersionDate "2013.11.20"]
[SourceQuality "1"]

1. e4 c5 2. a3 e6 3. b4 cxb4 4. axb4 Bxb4 5. Bb2 Nf6 6. e5 Nd5 7. c4 Nb6 8. Ra3 Bxa3 9. Bxa3 Nc6 10. Qg4 g6 11. Nf3 Ne7 12. Nc3 h5 13. Qf4 d5 14. Qf6 Rf8 15. Nb5 Nxc4 16. Bxc4 dxc4 17. Ng5 Nd5 18. Qg7 Qxg5 19. Qxf8+ Kd7 20. f4 Qd8 21. Qxf7+ Kc6 22. Nd4+ Kb6 23. 0-0 c3 24. Rb1+ Ka6 25. Nxe6 cxd2 26. Nxd8 1-0

[Event "Gatwick e2e4 int op-A"]
[Site "Gatwick"]
[Date "2011.10.30"]
[Round "8"]
[White "Craft, Isaac"]
[Black "Burrows, Martin P"]
[Result "1/2-1/2"]
[WhiteElo "1939"]
[BlackElo "2177"]
[PlyCount "46"]
[EventDate "2011.10.26"]
[EventType "swiss"]
[EventRounds "9"]
[EventCountry "ENG"]
[SourceTitle "EXT 2014"]
[Source "ChessBase"]
[SourceDate "2013.11.20"]
[SourceVersion "1"]
[SourceVersionDate "2013.11.20"]
[SourceQuality "1"]

1. e4 e6 2. b3 d5 3. Bb2 Nf6 4. e5 Nfd7 5. d4 c5 6. Nf3 Nc6 7. c3 cxd4 8. cxd4 f6 9. exf6 Nxf6 10. Bd3 Bb4+ 11. Nbd2 0-0 12. 0-0 Bd7 13. Re1 Qb6 14. Ne5 Nxd4 15. Nxd7 Nxd7 16. Qg4 Bc5 17. Rac1 Nf6 18. Qf4 Ne4 19. Qg4 Nxf2 20. Bxh7+ Kxh7 21. Qh4+ Kg8 22. Rxc5 Nh3+ 23. Kh1 Nf2+ 1/2-1/2

[Event "Gatwick e2e4 int op-A"]
[Site "Gatwick"]
[Date "2011.10.30"]
[Round "9"]
[White "Josse, Mark"]
[Black "Craft, Isaac"]
[Result "1/2-1/2"]
[WhiteElo "2181"]
[BlackElo "1939"]
[PlyCount "101"]
[EventDate "2011.10.26"]
[EventType "swiss"]
[EventRounds "9"]
[EventCountry "ENG"]
[SourceTitle "EXT 2014"]
[Source "ChessBase"]
[SourceDate "2013.11.20"]
[SourceVersion "1"]
[SourceVersionDate "2013.11.20"]
[SourceQuality "1"]

1. Nf3 Nf6 2. d4 d5 3. c4 c6 4. Nc3 e6 5. cxd5 exd5 6. Bg5 Bf5 7. e3 Nbd7 8. Bd3 Bxd3 9. Qxd3 Bd6 10. 0-0 0-0 11. Rab1 h6 12. Bxf6 Qxf6 13. b4 a6 14. a4 Rfd8 15. Rfc1 Qe6 16. b5 axb5 17. axb5 c5 18. dxc5 Nxc5 19. Qd4 Ne4 20. g3 Qf5 21. Qxd5 Qxd5 22. Nxd5 Ra2 23. Nc3 Rxf2 24. Nxe4 Rxf3 25. Rd1 Bc7 26. Rxd8+ Bxd8 27. Nd6 b6 28. Nc4 Rf6 29. Kg2 Be7 30. e4 Bc5 31. Rb2 Kf8 32. Rd2 Ke8 33. Kh3 Rf1 34. Nd6+ Ke7 35. e5 Ke6 36. Nc4 Rb1 37. Nxb6 Rxb5 38. Nc4 Rb4 39. Rc2 Bd4 40. Kg2 Bxe5 41. Nxe5 Kxe5 42. Rc7 Ke6 43. h4 Rd4 44. Rc6+ Rd6 45. Rc5 f5 46. Rc7 Kf6 47. Rc8 g5 48. hxg5+ hxg5 49. Rf8+ Ke5 50. Re8+ Re6 51. Ra8 1/2-1/2

[Event "Gatwick e2e4 int op-A"]
[Site "Gatwick"]
[Date "2011.10.28"]
[Round "5"]
[White "Fox, Anthony"]
[Black "Craft, Isaac"]
[Result "1/2-1/2"]
[WhiteElo "2089"]
[BlackElo "1939"]
[PlyCount "71"]
[EventDate "2011.10.26"]
[EventType "swiss"]
[EventRounds "9"]
[EventCountry "ENG"]
[SourceTitle "EXT 2014"]
[Source "ChessBase"]
[SourceDate "2013.11.20"]
[SourceVersion "1"]
[SourceVersionDate "2013.11.20"]
[SourceQuality "1"]

1. e4 c6 2. d4 d5 3. Nc3 dxe4 4. Nxe4 Nd7 5. Nf3 Ngf6 6. Nxf6+ Nxf6 7. Bc4 e6 8. 0-0 Be7 9. Qe2 0-0 10. c3 Qc7 11. Bg5 Re8 12. Rfe1 b6 13. Ne5 Nd5 14. Bxe7 Rxe7 15. Rad1 Bb7 16. g3 Rd8 17. Bd3 Nf6 18. Ng4 Nxg4 19. Qxg4 Ree8 20. Qh4 g6 21. Qf6 c5 22. Bb5 Rf8 23. dxc5 Rxd1 24. Rxd1 Qxc5 25. Be2 Bd5 26. b4 Qc6 27. b5 Qc5 28. c4 Ba8 29. h4 Qc7 30. h5 Qb7 31. f3 Qc7 32. Kg2 gxh5 33. Qg5+ Kh8 34. Qf6+ Kg8 35. Qg5+ Kh8 36. Qf6+ 1/2-1/2

[Event "Sunningdale e2e4 op"]
[Site "Ascot"]
[Date "2011.05.30"]
[Round "7"]
[White "Craft, Isaac"]
[Black "McCullough, Simon L"]
[Result "1/2-1/2"]
[WhiteElo "1909"]
[BlackElo "2037"]
[PlyCount "106"]
[EventDate "2011.05.27"]
[EventType "swiss"]
[EventRounds "7"]
[EventCountry "ENG"]
[SourceTitle "CBM 142 Extra"]
[Source "ChessBase"]
[SourceDate "2011.06.27"]
[SourceVersion "1"]
[SourceVersionDate "2011.06.27"]
[SourceQuality "1"]

1. e4 c5 2. Nf3 e6 3. d4 cxd4 4. Nxd4 Nf6 5. Nc3 Nc6 6. Ndb5 Bb4 7. a3 Bxc3+ 8. Nxc3 d5 9. exd5 exd5 10. Bd3 0-0 11. 0-0 d4 12. Ne2 Bg4 13. f3 Bh5 14. Nf4 Bg6 15. Nxg6 hxg6 16. b4 Re8 17. Bb2 Nd5 18. Qd2 Ne3 19. Rfe1 Qb6 20. Kh1 Rad8 21. c3 dxc3 22. Qxc3 Qd4 23. Be4 Rxe4 24. Qxd4 Rexd4 25. Bxd4 Nc2 26. Bg1 a6 27. Bb6 Rc8 28. Kg1 Nxa1 29. Rxa1 Ne5 30. Ra2 Rc1+ 31. Kf2 Nc4 32. Bd4 Rd1 33. Ba1 Rd3 34. a4 Rb3 35. a5 Rxb4 36. Ke2 Rb3 37. Ra4 Re3+ 38. Kf2 Ra3 39. Rxa3 Nxa3 40. Ke2 f6 41. Kd3 Kf7 42. Bb2 Nb5 43. Kc4 Ke6 44. Kc5 Kd7 45. Kb6 Kc8 46. Kc5 Kd7 47. Kb6 Nd6 48. Bc3 Kc8 49. Kc5 Nf5 50. g3 Kc7 51. Bd2 Kd7 52. Kb6 Kc8 53. Kc5 Kc7 1/2-1/2

[Event "Brighton e2e4 Challengers-C"]
[Site "Brighton"]
[Date "2011.02.27"]
[Round "9"]
[White "Craft, Isaac"]
[Black "Lock, Gavin R"]
[Result "1/2-1/2"]
[WhiteElo "1791"]
[BlackElo "2176"]
[PlyCount "51"]
[EventDate "2011.02.23"]
[EventType "tourn"]
[EventRounds "9"]
[EventCountry "ENG"]
[SourceTitle "CBM 141 Extra"]
[Source "ChessBase"]
[SourceDate "2011.05.03"]
[SourceVersion "1"]
[SourceVersionDate "2011.05.03"]
[SourceQuality "1"]

1. e4 e6 2. Nf3 d5 3. e5 c5 4. b4 d4 5. bxc5 Bxc5 6. Bd3 Nc6 7. 0-0 Nge7 8. Qe2 Ng6 9. Qe4 0-0 10. Ba3 Qa5 11. Bxc5 Qxc5 12. Re1 f5 13. exf6 Rxf6 14. a4 e5 15. Na3 Be6 16. Ng5 Bd5 17. Qxd5+ Qxd5 18. Bc4 Rd8 19. Bxd5+ Rxd5 20. d3 h6 21. Ne4 Rf8 22. Nc4 b6 23. Rab1 Na5 24. Ncd6 Rd8 25. Nb5 R8d7 26. g3 1/2-1/2

[Event "Brighton e2e4 Challengers-C"]
[Site "Brighton"]
[Date "2011.02.25"]
[Round "5"]
[White "Kennedy, Craig"]
[Black "Craft, Isaac"]
[Result "0-1"]
[WhiteElo "2022"]
[BlackElo "1791"]
[PlyCount "86"]
[EventDate "2011.02.23"]
[EventType "tourn"]
[EventRounds "9"]
[EventCountry "ENG"]
[SourceTitle "CBM 141 Extra"]
[Source "ChessBase"]
[SourceDate "2011.05.03"]
[SourceVersion "1"]
[SourceVersionDate "2011.05.03"]
[SourceQuality "1"]

1. e4 c5 2. Nf3 e6 3. d3 Nc6 4. g3 d6 5. Bg2 Nf6 6. 0-0 Be7 7. Re1 Nd7 8. c3 b5 9. d4 0-0 10. Be3 a5 11. Nbd2 Ba6 12. h4 b4 13. Bf4 e5 14. d5 Ncb8 15. Bg5 Nf6 16. Nf1 Ng4 17. N1h2 Nxh2 18. Kxh2 Nd7 19. Bh3 h6 20. Be3 Nf6 21. Nd2 Bc8 22. f3 Bxh3 23. Kxh3 Nh7 24. Bf2 Rb8 25. Nc4 Qd7+ 26. Kg2 a4 27. Qd2 f5 28. Ne3 fxe4 29. fxe4 Nf6 30. Nf5 Bd8 31. Qe2 Kh7 32. g4 g6 33. Nxh6 Nxe4 34. Qxe4 Rf4 35. Qe2 bxc3 36. bxc3 Kxh6 37. Be3 Bxh4 38. Bxf4+ exf4 39. Rh1 Kg5 40. Qe6 Rb2+ 41. Kf1 Qb5+ 42. Kg1 Rg2+ 43. Kxg2 Qb2+ 0-1